00576nam a22001577a 4500003000400000008004100004020001800045082001300063100001800076245004200094260005100136300001300187942001200200999001700212952018900229OSt240828b |||||||| |||| 00| 0 eng d a9789390713028 a954bATA aALTEKAR, A. S aState and Government In Ancient India aDelhi:bMotilal Banarsidass Publishers,c2021. axv,405p. 2ddccBK c12850d12850 00102ddc40708IKSaPIETbPIETd2024-08-29eZafaa Books and DistributorsfINRg445.00kZBD0134l1o954 ATAp38399q2025-08-18r2025-01-28 00:00:00s2025-01-28v333.75w2024-08-12yBK